000 06299cam a2200637 a 4500
005 20031230185550.0
008 940308s1993 enkab b 001 0 eng
010 _aENG-101615 B-430763-792
020 _c150.00
_a9789350120262
035 _aEN-85148 B-430763-792
037 _bDBAD/PUB
037 _bAllied Pub/Ven
040 _adpl
_bEng
082 _a000
100 1 _922405
245 1 0 _aR. Gupta's popular master guide SSC combined higher secondary level [10+2] LDC data entry operator recruitment exam :
_bmodel paper (solved) as per latest pattern of examination
260 _aNew Delhi
_bRamesh Publishing House
_c2011
270 _a12-H, New Daryaganj Road, Opp. Traffic Kotwali
_bNew Delhi
_e110002
300 _a112p.
_c22cm (pbk)
650 0 _922448
651 _922481
700 _922431
942 _2ddc
_cEN
_mRGU
_h000
999 _c48179
_d48179